000 00512nam a2200205Ia 4500
005 20240823033121.0
008 240823s9999||||xx |||||||||||||| ||und||
020 _a81-239-0039-2
041 _aENGLISH
082 _A624.151 Q2
100 _aAlam Singh
245 0 _aSoil Engineering In Theory and Practice
250 _a2nd
260 _c2012
_b"CBS Publishers & Distributors,New "
500 _aYES
650 _aSoil Engineering
_bCivil
700 _a Chowdhary G R
942 _cBK
999 _c195047
_d195047